1256 1661 1562 1989 1372 1613 1115 1726 1308 1850 1586 1680 1485 1410 1912 1193 1554 1181 1864 1759 1015 1096 1911 1767 1481 1465 1599 1411 1545 1216 1972 1625 1263 1641 1977 1363 1771 1124 1280 1901 1507 1829 1510 1190 1062 1512 1817 1558 1944 1207 1597 1913 1029 1049 1928 1071 1316 1541 1140 1882 1137 1235 1530 1035 1992 1393 1814 1957 1341 1152 1958 1703 1123 1099 1975 1466 1374 1066 1494 1376 1345 1074 1074 1001 1037 1685 1378 1268 1631 1765 1348 1718 1932 1626 1887 1912 1772 1391 1017 BCNSPRNW ULIB Ver.6.0+V

เปลี่ยนเป็นภาษาไทย

Change to English
 แสดงรายละเอียดบรรณานุกรม
  กลับหน้าหลัก

Brief Record : Get Marc (ISO 2709) : E-mail record : QR code < ปิดหน้าต่าง
LEADER : 00000nam 2200000uu 4500
001    13399111050
003     ULIB
008    110615s||||||||th 000 0 tha d
020    9789749461679
050  4 B5134.K754^bก281ด 2550
100 1  กฤษณมูรติ, จิฑฑุ,^dค.ศ. 1895-1986
245 10 แด่หนุ่มสาว /^cกฤษณมุรติ ; แปลโดย พจนา จันทรสันติ
250    พิมพ์ครั้งที่ 15
260    กรุงเทพฯ :^bมูลนิธิโกมลคีมทอง,^c2550
300    159 หน้า ;^c21 ซม.
600 07 กฤษณมูรติ จิฑฑุ,^dค.ศ. 1895-1986
650  7 การดำเนินชีวิต
650  7 ปรัชญาอินเดีย
700 0  พจนา จันทรสันติ,^eผู้แปล
945    ^p120^l0^i026694
995    ทศพร
999 ^a ใช้งานได้ทุกระบบ
รายการนี้ยังไม่มีแท็ก
คุณยังไม่ได้ล็อกอิน คุณสามารถมีกิจกรรมร่วมกับเว็บไซต์ได้ แต่ต้องล็อกอินก่อน ::
  ล็อกอิน

รายการสื่อสารสนเทศ

ลำดับที่ ประเภท เลขเรียก/บาร์โค้ด สถานที่ สถานะ
- ไม่พบข้อมูล -

รายการใกล้เคียง
    หัวเรื่อง [การดำเนินชีวิต]
    หัวเรื่อง [ปรัชญาอินเดีย]

BibComment


ยังไม่เคยถูกคอมเมนท์

คอมเมนท์ทรัพยากรรายการนี้
  คอมเมนท์: แด่หนุ่มสาว กฤษณ..


 Copyright 2026. Bcnsprnw @Library